Alguns Aspectos da Psicopatologia Geral de Jaspers (Record no. 602724)
[ view plain ]
| 000 -CABECERA | |
|---|---|
| Campo de control de longitud fija | 00483nab a2200145Ia 4500 |
| 003 - IDENTIFICADOR DEL NÚMERO DE CONTROL | |
| Campo de control | ES-SlBCS |
| 005 - FECHA Y HORA DE LA ÚLTIMA TRANSACCIÓN | |
| Campo de control | 20220121011005.0 |
| 008 - CÓDIGOS DE INFORMACIÓN DE LONGITUD FIJA | |
| Campo de control de longitud fija | 140529s1986 xxu||||| |||| 00| 0 por d |
| 041 ## - CÓDIGO DE LENGUA | |
| Código de lengua del texto/banda sonora o título independiente | por |
| 100 1# - PUNTO DE ACCESO PRINCIPAL-NOMBRE DE PERSONA | |
| Nombre de persona | Lopes de Siqueira, Zenilda |
| 9 (RLIN) | 210214 |
| 245 00 - MENCIÓN DE TÍTULO | |
| Título | Alguns Aspectos da Psicopatologia Geral de Jaspers |
| Mención de responsabilidad, etc. | Zenilda Lopes De Siqueira |
| 600 10 - PUNTO DE ACCESO ADICIONAL DE MATERIA-NOMBRE DE PERSONA | |
| Nombre personal | Jaspers, Karl |
| Fechas asociadas con el nombre | 1883-1969 |
| 9 (RLIN) | 94729 |
| 773 0# - ENLACE AL DOCUMENTO FUENTE | |
| Título | Presença Filosofica |
| Parte(s) relacionada(s) | vol. 12, nº. 1-2-3-4, 1986, págs. 199-204 |
| Número de control del registro relacionado | Rev966 |
| 942 ## - ENTRADA DE ELEMENTOS AGREGADOS (KOHA) | |
| Koha [por defecto] tipo de item | Artículos de revista |
| Suprimido | Perdido | Estropeado | No para préstamo | Localización permanente | Localización actual | Localización en estantería | Fecha adquisición | Préstamos totales | Fecha última consulta | Fecha del precio de reemplazo | Tipo de item de Koha |
|---|---|---|---|---|---|---|---|---|---|---|---|
| San Esteban | San Esteban | Depósito de revistas | 11/07/2014 | 11/07/2014 | 11/07/2014 | Artículos de revista |
